Misión de los capuchinos en Guayana
Furkejuvvon:
| Váldodahkki: | |
|---|---|
| Materiálatiipa: | Girji |
| Giella: | espánnjágiella |
| Almmustuhtton: |
Caracas
Fuentes para la Historia Colonial de Venezuela
1979
|
| Ráidu: | Biblioteca de la Academia Nacional de la Historia, 139, 140
|
| Fáttát: | |
| Fáddágilkorat: |
Lasit fáddágilkoriid
Eai fáddágilkorat, Lasit vuosttaš fáddágilkora!
|
MARC
| LEADER | 00000nam a2200000 a 4500 | ||
|---|---|---|---|
| 001 | UCS8675 | ||
| 003 | CL-VaPUC | ||
| 008 | 971107e19790000VE |||||||||||||||||spa|d | ||
| 082 | 0 | 4 | |a 271.36 |b CAR |2 21 |
| 100 | 0 | |a Carrocera, Buenaventura de |e author |9 393447 | |
| 245 | 1 | 0 | |a Misión de los capuchinos en Guayana |
| 300 | |a 3 v | ||
| 942 | |c BK | ||
| 945 | |d 19971107 00:00:00 |a cmena | ||
| 260 | |a Caracas |b Fuentes para la Historia Colonial de Venezuela |c 1979 | ||
| 500 | |a v.1: Introducción y resumen histórico. Documentos: 1682 - 1758 | ||
| 500 | |a v.2: Documentos: 1760 - 1785 | ||
| 500 | |a Documentos: 1785 - 1819 | ||
| 600 | 0 | 7 | |a CAPUCHINOS |2 CL-VaPUC |9 314581 |
| 600 | 0 | 7 | |a FRANCISCANOS |2 CL-VaPUC |9 314580 |
| 650 | 0 | |a Iglesia |9 255004 | |
| 650 | 0 | |a Misioneros |9 324171 | |
| 650 | 0 | |a Historia venezolana |9 393448 | |
| 650 | 7 | |a MISIONES RELIGIOSAS |2 CL-VaPUC |9 393449 | |
| 650 | 7 | |a EVANGELIZACION |2 CL-VaPUC |9 393450 | |
| 651 | 0 | |a Venezuela |9 254993 | |
| 651 | 7 | |a GUAYANA |2 CL-VaPUC |9 255528 | |
| 583 | |a last modification |c 19971107 00:00:00 |k Rodrigo Vera | ||
| 490 | 0 | |a Biblioteca de la Academia Nacional de la Historia, 139, 140 | |
| 999 | |c 262945 |d 262943 | ||
| 952 | |0 0 |1 0 |4 0 |6 271_360000000000000_CAR_1979 |7 0 |8 A |9 291992 |a BIBDER |b BIBDER |d 2019-11-19 |h v.1 |i 1900897 |o 271.36 CAR 1979 |p 1900897 |r 2023-01-25 |w 2019-11-19 |y BK |k DER | ||
| 952 | |0 0 |1 0 |4 0 |6 271_360000000000000_CAR_1979 |7 0 |8 A |9 291993 |a BIBDER |b BIBDER |d 2019-11-19 |h v.2 |i 1900900 |o 271.36 CAR 1979 |p 1900900 |r 2023-01-25 |w 2019-11-19 |y BK |k DER | ||
| 952 | |0 0 |1 0 |4 0 |6 271_360000000000000_CAR_1979 |7 0 |8 A |9 291994 |a BIBDER |b BIBDER |d 2019-11-19 |h v.3 |i 1900358 |o 271.36 CAR 1979 |p 1900358 |r 2023-01-25 |w 2019-11-19 |y BK |k DER | ||